[Event "37th POL-ch"]
[Site "Lodz POL"]
[Date "1980.??.??"]
[Round "9"]
[White "Schinzel, Wladyslaw"]
[Black "Jasnikowski, Zbigniew"]
[Result "1-0"]
[WhiteElo "2385"]
[BlackElo "2325"]
[EventDate "1980.02.10"]

1.d4 Nf6 2.c4 g6 3.Nc3 Bg7 4.e4 d6 5.Be2 O-O 6.Bg5 c5 7.d5 h6 8.Bf4 g5 9.
Bd2 e5 10.Qc1 Kh7 11.a3 Nbd7 12.g4 b5 13.cxb5 c4 14.Be3 a6 15.h4 Kg6 16.
bxa6 Bxa6 17.Nf3 Qa5 18.hxg5 hxg5 19.Bxg5 Rh8 20.Nh4+ Rxh4 21.Bxh4 Nxe4 
22.Kf1 Nxc3 23.bxc3 Nc5 24.Qg5+ Kh7 25.Qf5+ Kg8 26.Bf6 1-0

[Event "37th POL-ch"]
[Site "Lodz POL"]
[Date "1980.??.??"]
[Round "9"]
[White "Ksieski, Zbigniew"]
[Black "Adamski, Jan"]
[Result "1/2-1/2"]
[WhiteElo "2345"]
[BlackElo "2410"]
[EventDate "1980.02.10"]

1.d4 Nf6 2.c4 e6 3.g3 Bb4+ 4.Bd2 Qe7 5.Bg2 Nc6 6.Nf3 Bxd2+ 7.Nbxd2 d6 8.
O-O a5 9.Nb1 e5 10.Nc3 O-O 11.Nd5 Nxd5 12.cxd5 Nb4 13.a3 Nxd5 14.dxe5 Be6 
15.e4 Nb6 16.exd6 Qxd6 17.Qxd6 cxd6 18.Nd4 1/2-1/2

[Event "37th POL-ch"]
[Site "Lodz POL"]
[Date "1980.??.??"]
[Round "9"]
[White "Kruszynski, Wlodzimierz"]
[Black "Przewoznik, Jan"]
[Result "0-1"]
[WhiteElo "2350"]
[BlackElo "2340"]
[EventDate "1980.02.10"]

1.e4 c5 2.Nf3 Nc6 3.Bb5 g6 4.c3 Bg7 5.O-O Nf6 6.Re1 O-O 7.d4 cxd4 8.cxd4 
d5 9.e5 Ne4 10.Nc3 Nxc3 11.bxc3 Na5 12.Ba3 Qc7 13.Qd2 a6 14.Bd3 Bg4 15.Nh4
Rfe8 16.h3 Be6 17.f4 Nc4 18.Bxc4 dxc4 19.Qf2 Qd7 20.Rf1 Qa4 21.Bc1 Qa5 22.
f5 Bd5 23.Qg3 Qc7 24.Rf2 b5 25.Ba3 a5 26.Qg4 Rab8 27.f6 Bf8 28.Nf5 b4 29.
fxe7 Bxe7 30.Nxe7+ Rxe7 31.cxb4 axb4 32.Bc1 Qc8 33.Qh4 Ra7 34.e6 Bxe6 35.
Bf4 b3 36.Be5 Rb5 37.Qf6 Rxe5 38.Qxe5 c3 39.Rb1 c2 40.Rxc2 bxc2 0-1

[Event "37th POL-ch"]
[Site "Lodz POL"]
[Date "1980.??.??"]
[Round "9"]
[White "Adamski, Andrzej"]
[Black "Pokojowczyk, Jerzy"]
[Result "1/2-1/2"]
[WhiteElo "2350"]
[BlackElo "2380"]
[EventDate "1980.02.10"]

1.e4 c5 2.c3 Nf6 3.e5 Nd5 4.d4 cxd4 5.cxd4 Nc6 6.Nf3 d6 7.Nc3 dxe5 8.dxe5 
Nxc3 9.Qxd8+ Nxd8 10.bxc3 Bd7 11.Nd4 Nc6 12.f4 Nxd4 13.cxd4 Bc6 14.Kf2 e6 
15.Be2 Bb4 16.Be3 O-O-O 17.Rhc1 Ba3 18.Rc3 Bb2 19.Rxc6+ bxc6 20.Rb1 Bc3 
21.Ba6+ Kd7 22.Rb7+ Ke8 23.Rxa7 g5 24.fxg5 Kf8 25.Be2 Bxd4 26.Bxd4 Rxd4 
27.Bh5 Rf4+ 28.Ke3 Rf5 29.g4 Rf1 30.Ke2 Rf4 31.Ke3 Rf1 32.Rc7 Kg7 33.Ke2 
Rf4 34.Ke3 1/2-1/2

[Event "37th POL-ch"]
[Site "Lodz POL"]
[Date "1980.??.??"]
[Round "10"]
[White "Tomaszewski, Roman"]
[Black "Kruszynski, Wlodzimierz"]
[Result "1-0"]
[WhiteElo "2365"]
[BlackElo "2350"]
[EventDate "1980.02.10"]

1.d4 Nf6 2.c4 e6 3.Nf3 b6 4.a3 Bb7 5.Nc3 d5 6.cxd5 exd5 7.g3 Be7 8.Bg2 O-O
9.O-O c5 10.dxc5 bxc5 11.Bf4 Qb6 12.Na4 Qa5 13.Rc1 Na6 14.Ne5 Rfd8 15.Qc2 
Qb5 16.Nc3 Qb6 17.Rfd1 Qe6 18.Nc4 Bc6 19.Na5 Be8 20.e4 d4 21.Nd5 Bf8 22.
Bg5 Rab8 23.Re1 Rdc8 24.f4 Nxd5 25.exd5 Qb6 26.Nc4 Qb3 27.Qf5 Bb5 28.d6 
Bxc4 29.Rxc4 Bxd6 30.Bd5 Rf8 31.Rb4 g6 32.Qf6 1-0

[Event "37th POL-ch"]
[Site "Lodz POL"]
[Date "1980.??.??"]
[Round "10"]
[White "Sznapik, Aleksander"]
[Black "Adamski, Andrzej"]
[Result "1/2-1/2"]
[WhiteElo "2460"]
[BlackElo "2350"]
[EventDate "1980.02.10"]

1.Nf3 g6 2.e4 Bg7 3.d4 d6 4.Nc3 a6 5.a4 Nf6 6.h3 Nc6 7.Be3 e5 8.dxe5 dxe5 
9.Bc4 Qxd1+ 10.Rxd1 Be6 11.Bxe6 fxe6 12.Ng5 Nd8 13.O-O Bf8 14.f4 Bd6 15.f5
exf5 16.exf5 O-O 17.fxg6 hxg6 18.Rxf6 Rxf6 19.Nce4 Rf8 20.Nxd6 cxd6 21.
Rxd6 Rc8 22.Rxg6+ Kh8 23.c3 Rc6 1/2-1/2

[Event "37th POL-ch"]
[Site "Lodz POL"]
[Date "1980.??.??"]
[Round "10"]
[White "Przewoznik, Jan"]
[Black "Schmidt, Wlodzimierz"]
[Result "1-0"]
[WhiteElo "2340"]
[BlackElo "2430"]
[EventDate "1980.02.10"]

1.e4 c5 2.Nf3 e6 3.c3 d5 4.e5 Nc6 5.d4 Nge7 6.a3 cxd4 7.cxd4 Nf5 8.b4 a6 
9.Bb2 Be7 10.Bd3 O-O 11.h4 f6 12.Bc2 fxe5 13.dxe5 g6 14.h5 g5 15.Nh2 Nh6 
16.O-O Bd7 17.Nc3 Rf7 18.Ne2 Qb6 19.Nd4 Nxe5 20.Nf5 exf5 21.Bxe5 Bb5 22.
Re1 Bc4 23.Bd4 Qc6 24.Nf3 Ng4 25.Bxf5 Rxf5 26.Rxe7 Qh6 27.Rg7+ Kf8 28.Nxg5
Ne5 29.Bxe5 Rxe5 30.Rxh7 Qxg5 31.Rh8+ Kf7 32.Rxa8 Be2 33.Qc2 Qxh5 34.Qc7+ 
Re7 35.Qf4+ Ke6 36.Re1 Kd7 37.Rb8 Qe5 38.Qxe5 Rxe5 39.f4 1-0

[Event "37th POL-ch"]
[Site "Lodz POL"]
[Date "1980.??.??"]
[Round "10"]
[White "Pokojowczyk, Jerzy"]
[Black "Pytel, Krzysztof"]
[Result "1/2-1/2"]
[WhiteElo "2380"]
[BlackElo "2450"]
[EventDate "1980.02.10"]

1.e4 c6 2.d4 d5 3.exd5 cxd5 4.c4 Nf6 5.Nc3 e6 6.Nf3 Bb4 7.Bd3 O-O 8.O-O 
dxc4 9.Bxc4 b6 10.Qb3 Bxc3 11.bxc3 Bb7 12.Ne5 Nc6 13.Nxc6 Bxc6 14.Be2 b5 
15.Ba3 Re8 16.Bxb5 Bxb5 17.Qxb5 Nd5 18.Qd3 Rc8 19.Bc5 e5 20.Rfe1 Qa5 21.g3
Nxc3 22.Qd2 exd4 23.Bxd4 Red8 24.Re3 Qa4 25.Rxc3 Rxc3 26.Qxc3 Qxd4 1/2-1/2

[Event "37th POL-ch"]
[Site "Lodz POL"]
[Date "1980.??.??"]
[Round "10"]
[White "Maciejewski, Andrzej"]
[Black "Kuligowski, Adam"]
[Result "0-1"]
[WhiteElo "2370"]
[BlackElo "2405"]
[EventDate "1980.02.10"]

1.e4 c5 2.c3 d5 3.exd5 Qxd5 4.d4 e6 5.Nf3 Nc6 6.Be2 cxd4 7.cxd4 Nf6 8.Nc3 
Qd6 9.O-O Be7 10.Bg5 O-O 11.Qd2 b6 12.Bf4 Qd8 13.a3 Bb7 14.Rac1 Rc8 15.b4 
a5 16.b5 Nb8 17.Qb2 Bxf3 18.Bxf3 Qxd4 19.Be3 Qd6 20.Na4 Nbd7 21.Bc6 Ng4 
22.g3 Nxe3 23.fxe3 Bf6 24.Qb3 Nc5 25.Nxc5 bxc5 26.Qc4 Be7 27.Qc3 Qc7 28.
Rf4 Rcd8 29.Ra4 Bf6 30.Qxc5 Rd3 31.b6 Qd8 32.Rxa5 Be7 33.Qb5 Bxa3 34.Ra8 
Bxc1 35.Rxd8 Bxe3+ 36.Kg2 Rfxd8 37.Be4 R3d6 38.b7 Ba7 39.g4 Rd2+ 40.Kf3 
Rf2+ 41.Kg3 Rfd2 42.h4 Bb8+ 43.Kf3 g6 44.h5 Rh2 45.Qa5 Rdd2 46.Bxg6 hxg6 
47.hxg6 f5 48.gxf5 exf5 0-1

[Event "37th POL-ch"]
[Site "Lodz POL"]
[Date "1980.??.??"]
[Round "10"]
[White "Jasnikowski, Zbigniew"]
[Black "Adamski, Jan"]
[Result "1-0"]
[WhiteElo "2325"]
[BlackElo "2410"]
[EventDate "1980.02.10"]

1.d4 Nf6 2.Nc3 d5 3.Bg5 c6 4.e3 Nbd7 5.Nf3 Qa5 6.Bd3 Ne4 7.O-O Nxc3 8.bxc3
h6 9.Bh4 Qxc3 10.e4 g5 11.Bg3 g4 12.Nh4 Qxd4 13.Nf5 Qc5 14.exd5 cxd5 15.
Re1 e6 16.Qxg4 Nf6 17.Qh4 Ne4 18.Bxe4 dxe4 19.Rad1 Bd7 20.Qxe4 Bc6 21.Qg4 
Bd5 22.c4 Qxc4 23.Ng7+ Bxg7 24.Qxg7 Ke7 25.Rc1 Rag8 26.Qe5 Qa4 27.Rc7+ Kf8
28.Qf6 e5 29.Rc8+ Qe8 30.Rxe8+ Kxe8 31.Rxe5+ Be6 32.Rc5 1-0

[Event "37th POL-ch"]
[Site "Lodz POL"]
[Date "1980.??.??"]
[Round "11"]
[White "Sydor, Andrzej"]
[Black "Maciejewski, Andrzej"]
[Result "1-0"]
[WhiteElo "2405"]
[BlackElo "2370"]
[EventDate "1980.02.10"]

1.d4 Nf6 2.Nf3 g6 3.Bf4 Bg7 4.e3 O-O 5.Be2 c5 6.O-O cxd4 7.exd4 d5 8.c3 
Nc6 9.Nbd2 Nh5 10.Be3 f5 11.Nb3 f4 12.Bd2 Kh8 13.Nc5 Qd6 14.Nd3 Bf5 15.Re1
Bxd3 16.Bxd3 Rae8 17.Qa4 a6 18.Re2 e5 19.dxe5 Nxe5 20.Nxe5 Bxe5 21.f3 b5 
22.Qb3 Bf6 23.Rxe8 Rxe8 24.Re1 Rf8 25.Qd1 Bh4 26.Re2 Qb6+ 27.Kh1 Qf6 28.
Qg1 Qg7 29.Qd4 Bf6 30.Qxd5 Qh6 31.Re6 Rd8 32.Rd6 Qf8 33.Rxd8 Bxd8 34.c4 
bxc4 35.Qxc4 Bf6 36.Bc3 Qb8 37.Qc6 Qd8 38.Qxa6 Bxc3 39.bxc3 Qe7 40.Qa8+ 
Kg7 41.Qe4 Qa3 42.Qe5+ Kh6 43.g4 fxg3 44.hxg3 Qxa2 45.Qe3+ Kg7 46.g4 Nf6 
47.Kg1 Qa3 48.g5 Ng8 49.Qd4+ Kf8 50.Qb4+ Qxb4 51.cxb4 Ke8 52.Kf2 Kd7 53.
Ke3 Kd6 54.Kd4 Ne7 55.Be4 Nc8 56.f4 Na7 57.Kc4 Nc8 58.Kd4 Na7 59.f5 gxf5 
60.Bxf5 Nc6+ 61.Kc3 Ke5 62.Bxh7 Kf4 63.g6 Ke5 64.g7 1-0

[Event "37th POL-ch"]
[Site "Lodz POL"]
[Date "1980.??.??"]
[Round "11"]
[White "Schmidt, Wlodzimierz"]
[Black "Tomaszewski, Roman"]
[Result "1-0"]
[WhiteElo "2430"]
[BlackElo "2365"]
[EventDate "1980.02.10"]

1.d4 Nf6 2.c4 g6 3.Nc3 d5 4.Nf3 Bg7 5.cxd5 Nxd5 6.e4 Nxc3 7.bxc3 c5 8.Be3 
O-O 9.Rc1 b6 10.Be2 Bb7 11.d5 Qc7 12.Qd2 Nd7 13.c4 e5 14.Bh6 Qd6 15.O-O 
Nf6 16.Bd3 Nh5 17.g3 Bc8 18.Bxg7 Nxg7 19.Nh4 Bh3 20.Rfe1 f6 21.f3 Bd7 22.
f4 a6 23.Qe3 Rae8 24.Rb1 Bg4 25.Rb2 f5 26.Ng2 fxe4 27.Bxe4 exf4 28.Nxf4 
Nf5 29.Qd3 Nd4 30.Rf1 Qe5 31.Bxg6 Nf3+ 32.Rxf3 Qxb2 33.Bxh7+ Kh8 34.Ng6+ 
Kg7 35.Rxf8 Re1+ 36.Rf1 Rxf1+ 37.Kxf1 Bh3+ 38.Ke1 Qc1+ 39.Kf2 Qb2+ 40.Ke3 
Qc1+ 41.Kf3 Qh1+ 1-0

[Event "37th POL-ch"]
[Site "Lodz POL"]
[Date "1980.??.??"]
[Round "11"]
[White "Pytel, Krzysztof"]
[Black "Sznapik, Aleksander"]
[Result "1/2-1/2"]
[WhiteElo "2450"]
[BlackElo "2460"]
[EventDate "1980.02.10"]

1.c4 Nf6 2.Nc3 g6 3.d4 Bg7 4.e4 d6 5.f3 O-O 6.Nge2 c6 7.Bg5 a6 8.Qd2 b5 9.
Ng3 e5 10.d5 b4 11.Nd1 cxd5 12.cxd5 a5 13.a3 Na6 14.axb4 Nxb4 15.Be2 h6 
16.Be3 Nd7 17.O-O Kh7 18.Nc3 Nc5 19.Ra3 Bd7 20.Rfa1 Qb6 21.Kh1 Rfc8 22.Nf1
Qd8 23.Qd1 Bf6 24.Nd2 Ncd3 25.Bxd3 Nxd3 26.Nc4 Rxc4 27.Qxd3 Rb4 28.Qd2 Bg5
29.Bxg5 hxg5 30.h3 Kg7 1/2-1/2

[Event "37th POL-ch"]
[Site "Lodz POL"]
[Date "1980.??.??"]
[Round "11"]
[White "Kuligowski, Adam"]
[Black "Przewoznik, Jan"]
[Result "0-1"]
[WhiteElo "2405"]
[BlackElo "2340"]
[EventDate "1980.02.10"]

1.d4 Nf6 2.c4 e6 3.Nf3 c5 4.d5 b5 5.Bg5 Qa5+ 6.Qd2 Qxd2+ 7.Nbxd2 bxc4 8.e4
Bb7 9.Bxf6 gxf6 10.Bxc4 Na6 11.O-O Nc7 12.Rfd1 Rg8 13.g3 Rb8 14.Nb3 d6 15.
Nh4 Ba6 16.Bxa6 Nxa6 17.Ng2 Rb4 18.Re1 Kd7 19.Re2 Bh6 20.Na5 Ra4 21.Nc6 
Nc7 22.b3 Ra3 23.b4 exd5 24.exd5 Nxd5 25.b5 a6 26.Rae1 axb5 27.Ne7 Nxe7 
28.Rxe7+ Kc6 29.Rxf7 Rxa2 30.f4 b4 31.Ree7 b3 32.Ne3 Rc8 33.Rb7 b2 34.Nf1 
Bxf4 0-1

[Event "37th POL-ch"]
[Site "Lodz POL"]
[Date "1980.??.??"]
[Round "11"]
[White "Ksieski, Zbigniew"]
[Black "Pokojowczyk, Jerzy"]
[Result "1-0"]
[WhiteElo "2345"]
[BlackElo "2380"]
[EventDate "1980.02.10"]

1.d4 Nf6 2.c4 g6 3.Nc3 Bg7 4.e4 d6 5.Be2 O-O 6.Nf3 e5 7.Be3 Ng4 8.Bg5 f6 
9.Bd2 Nc6 10.d5 Ne7 11.h3 Nh6 12.g4 Kh8 13.g5 fxg5 14.Nxg5 Neg8 15.Be3 Nf7
16.h4 Qe7 17.Qd2 Nf6 18.h5 Nxh5 19.Bxh5 gxh5 20.Rxh5 Nxg5 21.Rxg5 Bh6 22.
Rg2 Bf4 23.Ne2 Bxe3 24.Qxe3 a6 25.O-O-O Bd7 26.f4 exf4 27.Nxf4 Rg8 28.Rh2 
Raf8 29.Rdh1 Rf7 30.Rh5 Rg4 31.Nh3 Qxe4 32.Qxe4 Rxe4 33.Ng5 Rxc4+ 34.Kd2 
Rg7 35.Rxh7+ Kg8 1-0

[Event "37th POL-ch"]
[Site "Lodz POL"]
[Date "1980.??.??"]
[Round "11"]
[White "Kruszynski, Wlodzimierz"]
[Black "Schinzel, Wladyslaw"]
[Result "1-0"]
[WhiteElo "2350"]
[BlackElo "2385"]
[EventDate "1980.02.10"]

1.e4 c5 2.Nf3 e6 3.d4 cxd4 4.Nxd4 Nf6 5.Nc3 d6 6.g4 Nc6 7.g5 Nd7 8.Be3 Nb6
9.Qd2 Ne5 10.O-O-O Nec4 11.Bxc4 Nxc4 12.Qe2 Nxe3 13.Qxe3 a6 14.f4 Be7 15.
h4 Bd7 16.f5 Qa5 17.Rhf1 Rc8 18.fxe6 fxe6 19.Qf3 Rxc3 20.Qxc3 Qxc3 21.bxc3
h6 22.g6 Bxh4 23.Rf7 Rg8 24.Nb3 Be7 25.Na5 e5 26.Nxb7 Be6 27.Rf2 Bg5+ 28.
Kb2 Ke7 29.Nxd6 Rb8+ 30.Ka3 Bg4 31.Nf5+ Bxf5 32.Rxf5 Bf6 33.Rff1 Ke6 34.
Rb1 Ra8 35.Rb6+ Ke7 36.Rb7+ Kd6 37.Rd1+ Kc6 38.Rdd7 h5 39.Rbc7+ Kb6 40.Rc4
h4 41.Rd3 Rh8 42.Rd7 h3 43.Rdc7 Bd8 44.R4c6+ Ka5 45.Rb7 1-0

[Event "37th POL-ch"]
[Site "Lodz POL"]
[Date "1980.??.??"]
[Round "11"]
[White "Bielczyk, Jacek"]
[Black "Jasnikowski, Zbigniew"]
[Result "1-0"]
[WhiteElo "2380"]
[BlackElo "2325"]
[EventDate "1980.02.10"]

1.e4 e5 2.Bc4 Nc6 3.Nc3 Nf6 4.d3 Bb4 5.Bg5 h6 6.Bxf6 Qxf6 7.Ne2 Nd4 8.O-O 
Nxe2+ 9.Nxe2 O-O 10.f4 c6 11.c3 Bc5+ 12.Kh1 Be3 13.fxe5 Qxe5 14.d4 Qxe4 
15.Ng3 Qe8 16.d5 Bg5 17.d6 b5 18.Bb3 Bb7 19.Qh5 Qe5 20.Rae1 Qxd6 21.Nf5 
Qf6 22.h4 g6 23.hxg5 Qxf5 24.Qxh6 1-0

[Event "37th POL-ch"]
[Site "Lodz POL"]
[Date "1980.??.??"]
[Round "11"]
[White "Adamski, Andrzej"]
[Black "Skrobek, Ryszard"]
[Result "1/2-1/2"]
[WhiteElo "2350"]
[BlackElo "2350"]
[EventDate "1980.02.10"]

1.e4 c5 2.Nc3 e6 3.g3 d5 4.exd5 exd5 5.Bg2 Nf6 6.d3 d4 7.Ne4 Nxe4 8.dxe4 
Nc6 9.Ne2 h5 10.h4 Bg4 11.f3 Be6 12.O-O Be7 13.b3 f6 14.Nf4 Bf7 15.Nd5 
Bxd5 16.exd5 Qxd5 17.Re1 O-O-O 18.f4 Qd7 19.a3 g5 20.Bxc6 bxc6 21.hxg5 
fxg5 22.Qe2 Bd6 23.Qe6 h4 24.Qxd7+ Kxd7 25.fxg5 hxg3 26.Rf1 Rhe8 27.Bf4 
Re2 28.Bxd6 Kxd6 29.Rf6+ Kc7 30.g6 g2 31.Rf2 Re6 32.Rxg2 Rg8 33.Kf2 Rexg6 
34.Rxg6 Rxg6 35.Ke2 Kb6 36.Rh1 c4 37.b4 a5 38.Rh4 Rd6 39.Kd2 axb4 40.axb4 
Kb5 41.c3 dxc3+ 42.Kxc3 Rd3+ 43.Kc2 Kxb4 44.Rh8 Rg3 45.Rb8+ Kc5 46.Rh8 c3 
47.Rh4 1/2-1/2

[Event "37th POL-ch"]
[Site "Lodz POL"]
[Date "1980.??.??"]
[Round "12"]
[White "Tomaszewski, Roman"]
[Black "Kuligowski, Adam"]
[Result "1/2-1/2"]
[WhiteElo "2365"]
[BlackElo "2405"]
[EventDate "1980.02.10"]

1.c4 g6 2.Nc3 Bg7 3.g3 e5 4.e4 Nc6 5.Bg2 d6 6.d3 Be6 7.Be3 Nh6 8.h3 f5 9.
Qd2 Ng8 10.Nge2 Qd7 11.b3 fxe4 12.Nxe4 Nf6 13.Ng5 Bg8 14.d4 d5 15.dxe5 
Nxe5 16.Bd4 Nc6 17.Qe3+ Qe7 18.Qxe7+ Nxe7 19.Nf4 O-O-O 20.O-O-O dxc4 21.
Nfe6 Bxe6 22.Nxe6 Rd6 23.Nxg7 Rg8 24.h4 Rxg7 25.Bh3+ Nf5 26.Bxf6 Rxf6 27.
g4 Nxh4 28.g5+ Rf5 29.Bg4 Nf3 30.Bxf5+ gxf5 31.g6 Rxg6 32.Rxh7 b6 33.bxc4 
Rc6 34.Rd5 Rxc4+ 35.Kb2 Nd4 36.Rh4 c5 37.Rf4 Rc2+ 38.Kb1 Re2 39.Rd6 Kc7 
40.Rf6 Nb5 41.R4xf5 Nc3+ 42.Kc1 Nxa2+ 43.Kd1 Nc3+ 44.Kc1 Na2+ 1/2-1/2

[Event "37th POL-ch"]
[Site "Lodz POL"]
[Date "1980.??.??"]
[Round "12"]
[White "Sznapik, Aleksander"]
[Black "Ksieski, Zbigniew"]
[Result "1-0"]
[WhiteElo "2460"]
[BlackElo "2345"]
[EventDate "1980.02.10"]

1.Nf3 Nf6 2.c4 b6 3.g3 Bb7 4.Bg2 e6 5.O-O Be7 6.Nc3 O-O 7.d4 Ne4 8.Bd2 d6 
9.Qc2 f5 10.Ne1 Nxc3 11.Bxc3 Bxg2 12.Nxg2 Qd7 13.e4 fxe4 14.Qxe4 d5 15.Qe2
Nc6 16.Nf4 Rxf4 17.gxf4 Rf8 18.Rae1 Rf6 19.Kh1 Qd6 20.f5 exf5 21.Qf3 dxc4 
22.d5 Rh6 23.h3 Nb4 24.Bxb4 Qxb4 25.Qxf5 Rf6 26.Qc8+ Bf8 27.Qxc7 Rxf2 28.
Qe5 Qd2 29.Rxf2 Qxf2 30.Qe2 Qd4 31.Qe6+ Kh8 32.Rf1 1-0

[Event "37th POL-ch"]
[Site "Lodz POL"]
[Date "1980.??.??"]
[Round "12"]
[White "Skrobek, Ryszard"]
[Black "Pytel, Krzysztof"]
[Result "1/2-1/2"]
[WhiteElo "2350"]
[BlackElo "2450"]
[EventDate "1980.02.10"]

1.e4 c5 2.Nf3 e6 3.d4 cxd4 4.Nxd4 a6 5.c4 Nf6 6.Nc3 Qc7 7.a3 b6 8.Be3 Bb7 
9.f3 Be7 10.Rc1 d6 11.Qd2 Nbd7 12.Qf2 O-O 13.Be2 Rab8 14.O-O Rfe8 15.Nd5 
exd5 16.cxd5 Nc5 17.b4 Qd7 18.bxc5 bxc5 19.Nf5 Nxd5 20.Qg3 Qxf5 21.exf5 
Nxe3 22.Rfe1 d5 23.Kh1 Nxf5 24.Qf4 g6 25.Bd3 Bd6 26.Qa4 Ne7 27.Bxa6 Bc6 
28.Qd1 Ra8 29.Qd3 Red8 30.Bb5 c4 31.Qb1 Rdb8 32.Bxc6 Rxb1 33.Bxa8 Rb8 34.
Bxd5 Nxd5 35.Rxc4 Bxa3 36.Rd4 Nf6 37.Red1 Kg7 38.g3 Be7 39.Kg2 Rb6 40.R4d2
Ra6 41.Re2 Ra7 42.Rdd2 Bb4 43.Rc2 g5 44.Rc4 Bf8 45.Rcc2 h6 46.Ra2 Rc7 47.
Rac2 Nd5 48.Rxc7 Nxc7 49.Rb2 Ne6 50.Rb7 Bd6 51.Rd7 Be5 52.Ra7 Kg6 53.Ra5 
f6 54.Ra6 Nd4 55.Ra4 Kf5 56.h4 Ne2 57.g4+ Ke6 58.h5 Nf4+ 59.Kf2 Bd6 60.Ra8
Nd3+ 61.Ke3 Ne5 62.Ke4 Nd7 63.Re8+ Be7 64.f4 f5+ 65.gxf5+ Kf7 66.Ra8 g4 
67.f6 Nxf6+ 68.Kf5 g3 69.Ra2 Nd5 70.Kg4 Bd6 71.Kxg3 Bxf4+ 72.Kg4 Ke6 73.
Ra5 Bd6 74.Rxd5 1/2-1/2

[Event "37th POL-ch"]
[Site "Lodz POL"]
[Date "1980.??.??"]
[Round "12"]
[White "Schinzel, Wladyslaw"]
[Black "Schmidt, Wlodzimierz"]
[Result "1/2-1/2"]
[WhiteElo "2385"]
[BlackElo "2430"]
[EventDate "1980.02.10"]

1.c4 c5 2.Nc3 g6 3.g3 Bg7 4.Bg2 Nc6 5.Nf3 e6 6.e3 Nge7 7.d4 cxd4 8.Nxd4 d5
9.cxd5 Nxd4 10.exd4 Nxd5 11.Nxd5 exd5 12.O-O O-O 13.Qb3 Be6 14.Be3 Qd7 15.
Rac1 Rac8 1/2-1/2

[Event "37th POL-ch"]
[Site "Lodz POL"]
[Date "1980.??.??"]
[Round "12"]
[White "Pokojowczyk, Jerzy"]
[Black "Adamski, Jan"]
[Result "1-0"]
[WhiteElo "2380"]
[BlackElo "2410"]
[EventDate "1980.02.10"]

1.e4 c5 2.Nf3 e6 3.d4 cxd4 4.Nxd4 a6 5.Bd3 Nf6 6.O-O d6 7.c4 Be7 8.Nc3 O-O
9.Qe2 b6 10.f4 Bb7 11.Bd2 Nc6 12.Nf3 Nd7 13.Rae1 Nc5 14.Bb1 b5 15.Nd5 exd5
16.exd5 Bf6 17.dxc6 Bxc6 18.Ng5 h6 19.b4 Bd4+ 20.Kh1 hxg5 21.bxc5 g6 22.f5
Re8 23.Qg4 dxc5 24.fxg6 f6 25.Re6 Rc8 26.Qh3 Qd7 27.Bf5 Qg7 28.Bxg5 bxc4 
29.Rxe8+ Rxe8 30.Be6+ Kf8 31.Bh6 Bxg2+ 32.Kxg2 1-0

[Event "37th POL-ch"]
[Site "Lodz POL"]
[Date "1980.??.??"]
[Round "12"]
[White "Maciejewski, Andrzej"]
[Black "Adamski, Andrzej"]
[Result "1/2-1/2"]
[WhiteElo "2370"]
[BlackElo "2350"]
[EventDate "1980.02.10"]

1.e4 g6 2.d4 Bg7 3.c4 d6 4.Nc3 Nd7 5.Nf3 e5 6.dxe5 dxe5 7.Bg5 Ngf6 8.Qd2 
h6 9.Bh4 g5 10.Bg3 Nh5 11.Be2 Nf4 12.Bxf4 exf4 13.O-O-O c6 14.h4 Qa5 15.
hxg5 hxg5 16.Rxh8+ Bxh8 17.Nd4 Nf8 18.Kb1 Bd7 19.Ncb5 Qxd2 20.Nd6+ Ke7 21.
N4f5+ Bxf5 22.Nxf5+ Ke6 23.Rxd2 Be5 24.c5 Kf6 25.Bc4 Re8 26.Nh6 Bc7 27.f3 
Rd8 28.e5+ Kg6 29.Rxd8 Bxd8 30.Nxf7 Be7 31.b4 b6 32.cxb6 axb6 33.a3 Kf5 
34.Kc2 b5 35.Ba2 Ng6 36.e6 Nh4 37.Nh6+ Ke5 38.Ng8 Kd6 39.Nh6 Ke5 40.Ng4+ 
1/2-1/2

[Event "37th POL-ch"]
[Site "Lodz POL"]
[Date "1980.??.??"]
[Round "13"]
[White "Sydor, Andrzej"]
[Black "Tomaszewski, Roman"]
[Result "1/2-1/2"]
[WhiteElo "2405"]
[BlackElo "2365"]
[EventDate "1980.02.10"]

1.d4 c5 2.e3 Nf6 3.Nf3 b6 4.Bd3 Bb7 5.O-O e6 6.c4 Be7 7.Nc3 cxd4 8.exd4 d5
9.b3 O-O 10.Bb2 dxc4 11.bxc4 Nc6 12.Rc1 Rc8 13.Qe2 Nb4 14.Bb1 Bxf3 15.Qxf3
Rxc4 16.d5 Nbxd5 17.Nxd5 Qxd5 18.Rxc4 Qxc4 19.Qb7 Nd5 20.Qxa7 Bc5 21.Qd7 
Ne3 22.Rc1 Qe2 23.Qd3 Qxd3 24.Bxd3 Ng4 25.Be2 Bxf2+ 26.Kh1 Be3 27.Bxg4 
Bxc1 28.Bxc1 Rc8 29.Be3 Rc2 30.a4 Rc4 31.Bd1 Rc6 32.Be2 e5 1/2-1/2

[Event "37th POL-ch"]
[Site "Lodz POL"]
[Date "1980.??.??"]
[Round "13"]
[White "Schmidt, Wlodzimierz"]
[Black "Bielczyk, Jacek"]
[Result "1/2-1/2"]
[WhiteElo "2430"]
[BlackElo "2380"]
[EventDate "1980.02.10"]

1.d4 Nf6 2.c4 d6 3.Nc3 Nbd7 4.Nf3 g6 5.Bg5 h6 6.Bh4 g5 7.Bg3 Nh5 8.e3 e6 
9.Be2 Bg7 10.Nd2 Nxg3 11.hxg3 Qe7 12.Qc2 Nf6 13.O-O-O Bd7 14.Bf3 c6 15.g4 
O-O 16.Nde4 1/2-1/2

[Event "37th POL-ch"]
[Site "Lodz POL"]
[Date "1980.??.??"]
[Round "13"]
[White "Pytel, Krzysztof"]
[Black "Maciejewski, Andrzej"]
[Result "1-0"]
[WhiteElo "2450"]
[BlackElo "2370"]
[EventDate "1980.02.10"]

1.c4 Nf6 2.Nc3 e5 3.Nf3 d6 4.d4 exd4 5.Nxd4 Nc6 6.Nxc6 bxc6 7.g3 Be7 8.Bg2
Bb7 9.O-O O-O 10.Bf4 Qc8 11.Re1 c5 12.e4 Re8 13.e5 dxe5 14.Bxe5 Bxg2 15.
Kxg2 Nd7 16.Bf4 Nf8 17.Nd5 Ne6 18.Bxc7 Qa6 19.b3 Bf6 20.Be5 Bxe5 21.Rxe5 
Qc6 22.Qd3 a5 23.Rae1 a4 24.Qe4 Ra6 25.Kg1 axb3 26.axb3 h6 27.f4 1-0

[Event "37th POL-ch"]
[Site "Lodz POL"]
[Date "1980.??.??"]
[Round "13"]
[White "Kuligowski, Adam"]
[Black "Schinzel, Wladyslaw"]
[Result "1/2-1/2"]
[WhiteElo "2405"]
[BlackElo "2385"]
[EventDate "1980.02.10"]

1.d4 d5 2.c4 e6 3.Nf3 c6 4.Qc2 Nf6 5.g3 Be7 6.Bg2 O-O 7.O-O b5 8.c5 Ne4 9.
Nbd2 f5 10.Ne5 Bf6 11.Ndf3 a5 12.Be3 Bd7 13.Nd3 Be8 14.Nfe5 Ng5 15.f3 Qc8 
16.Bf2 Nd7 17.Rae1 Nxe5 18.dxe5 Bd8 19.h4 Nf7 20.e4 fxe4 21.fxe4 g5 22.Qe2
Kh8 23.Be3 gxh4 24.Qh5 d4 25.Bh6 Rg8 26.Rxf7 Bxf7 27.Qxf7 Qc7 28.Qxe6 Be7 
29.Bf4 hxg3 30.Qh3 Raf8 31.Rf1 Bg5 32.Bxg5 Rxf1+ 33.Kxf1 Rxg5 34.Qe6 Rg6 
35.Qf5 Qe7 36.Nf4 Rg5 37.Qf6+ Qxf6 38.exf6 Rxc5 39.Ne6 Rc1+ 40.Ke2 Kg8 41.
Nxd4 c5 42.Nc6 Rc2+ 43.Kf3 Rf2+ 44.Kxg3 Rxf6 45.e5 Rg6+ 46.Kf2 Kf8 47.Be4 
Rh6 48.Kg3 a4 49.Bd5 Rg6+ 50.Kf4 h5 51.e6 h4 52.e7+ Ke8 53.Bf7+ Kxf7 54.
Ne5+ Kxe7 55.Nxg6+ Kd6 56.Nxh4 c4 57.Ke3 Kc5 58.Nf3 Kb4 59.Nd4 c3 60.a3+ 
Kc4 61.bxc3 Kxc3 62.Nxb5+ Kc4 63.Nd4 Kc3 64.Ke4 Kc4 65.Ke5 Kc5 66.Nf3 Kc4 
67.Nd4 Kc5 68.Ne2 Kc4 69.Nc1 Kc3 1/2-1/2

[Event "37th POL-ch"]
[Site "Lodz POL"]
[Date "1980.??.??"]
[Round "13"]
[White "Ksieski, Zbigniew"]
[Black "Skrobek, Ryszard"]
[Result "0-1"]
[WhiteElo "2345"]
[BlackElo "2350"]
[EventDate "1980.02.10"]

1.d4 e6 2.c4 Nf6 3.Nc3 c5 4.d5 exd5 5.cxd5 g6 6.e4 d6 7.Nf3 Bg7 8.Nd2 O-O 
9.Be2 Nbd7 10.O-O Re8 11.Kh1 a6 12.a4 Ne5 13.Qc2 g5 14.Nd1 Rb8 15.a5 Bd7 
16.Ne3 g4 17.f4 gxf3 18.gxf3 Kh8 19.Ndc4 Bh3 20.Rg1 Nh5 21.Nxe5 Bxe5 22.
Nc4 Rg8 23.Rxg8+ Qxg8 24.Bd3 Bxh2 25.Be3 Qg7 26.Kxh2 Qg3+ 27.Kh1 Qxf3+ 28.
Kh2 Qg3+ 29.Kh1 Bg4 30.Rf1 Rg8 31.Qg2 Bf3 0-1

[Event "37th POL-ch"]
[Site "Lodz POL"]
[Date "1980.??.??"]
[Round "13"]
[White "Kruszynski, Wlodzimierz"]
[Black "Jasnikowski, Zbigniew"]
[Result "1-0"]
[WhiteElo "2350"]
[BlackElo "2325"]
[EventDate "1980.02.10"]

1.e4 c6 2.d4 d5 3.Nd2 g6 4.c3 Nf6 5.e5 Nh5 6.Nb3 a5 7.a4 Ng7 8.Nf3 h5 9.
Be2 b6 10.O-O Ba6 11.Re1 Bxe2 12.Qxe2 e6 13.c4 Be7 14.Bd2 Nf5 15.Rec1 Na6 
16.c5 bxc5 17.dxc5 Nb4 18.Bxb4 axb4 19.a5 Qc7 20.Ra4 Rb8 21.Qd2 Kd7 22.
Rxb4 Rxb4 23.Qxb4 Rb8 24.Qa4 Ra8 25.Nfd4 Nxd4 26.Qxd4 Qb7 27.Rc3 Ra7 28.
Qf4 Ke8 29.Rf3 Bf8 30.g3 Qb5 31.Nd4 Qxc5 32.Rc3 Qxa5 33.Nxc6 1-0

[Event "37th POL-ch"]
[Site "Lodz POL"]
[Date "1980.??.??"]
[Round "13"]
[White "Adamski, Jan"]
[Black "Sznapik, Aleksander"]
[Result "1/2-1/2"]
[WhiteElo "2410"]
[BlackElo "2460"]
[EventDate "1980.02.10"]

1.d4 Nf6 2.c4 g6 3.Nc3 Bg7 4.e4 d6 5.Be2 O-O 6.Nf3 e5 7.Be3 Ng4 8.Bg5 f6 
9.Bc1 Nc6 10.O-O exd4 11.Nxd4 Nxd4 12.Qxd4 Be6 13.Bxg4 f5 14.Qd3 fxg4 15.
Be3 1/2-1/2

[Event "37th POL-ch"]
[Site "Lodz POL"]
[Date "1980.??.??"]
[Round "13"]
[White "Adamski, Andrzej"]
[Black "Przewoznik, Jan"]
[Result "1/2-1/2"]
[WhiteElo "2350"]
[BlackElo "2340"]
[EventDate "1980.02.10"]

1.e4 c5 2.f4 Nc6 3.Nf3 g6 4.g3 Bg7 5.Bg2 e6 6.d3 Nge7 7.O-O O-O 8.Nc3 Rb8 
9.Be3 Nd4 10.Qd2 d5 11.Nh4 dxe4 12.dxe4 b6 13.e5 f6 14.Ne4 fxe5 15.fxe5 
Ba6 16.Rxf8+ Qxf8 17.Bxd4 Rd8 18.Nd6 cxd4 19.Qxd4 Nc8 20.Qa4 Bxe5 21.Qxa6 
Qxd6 22.c3 Qc5+ 23.Kh1 Nd6 24.Qe2 Qb5 25.Re1 Qxe2 26.Rxe2 Nf5 27.Bh3 Bf6 
28.Rxe6 Bxh4 29.Bxf5 gxf5 30.gxh4 Rd1+ 31.Kg2 Rd2+ 32.Kg3 Rxb2 33.a4 Ra2 
34.Kf4 Rxa4+ 35.Kxf5 Rxh4 36.Rc6 Rh5+ 37.Ke4 Rxh2 38.Rc8+ Kf7 39.Rc7+ Kg6 
40.Rxa7 h5 41.Rc7 Kg5 42.Rg7+ Kh4 43.Rg1 Re2+ 44.Kf4 Rf2+ 45.Ke5 b5 46.Ke4
Rf8 47.Rb1 Rb8 48.Kf4 Rf8+ 49.Ke4 Rc8 50.Rxb5 Rxc3 51.Kf4 Rc8 1/2-1/2